000 00495nam a22001817a 4500
003 BDDh-ASL
005 20231015031355.0
008 230507s2008 b ||||| |||| 00| 0 eng d
040 _aBDDh-ASL
_cBDDh-ASL
041 _aeng
082 _a954
_bNAH
100 1 _aNazli, Bilqis
_98195
245 1 2 _aA History of Bengal :
_bFor Secondary School /
260 _aDhaka :
_bTonima Publishing,
_c2008.
300 _a73 p. :
_c25 cm.
650 0 _aHistory of Bangladesh
_94169
942 _2ddc
_cBK
999 _c32290
_d32290